Universidades empresariales: cómo crear una fuerza laboral de clase mundial
Guardat en:
| Autor principal: | |
|---|---|
| Format: | Llibre |
| Idioma: | espanyol |
| Publicat: |
Bogotá
McGraw-Hill
2000
|
| Matèries: | |
| Etiquetes: |
Afegir etiqueta
Sense etiquetes, Sigues el primer a etiquetar aquest registre!
|
MARC
| LEADER | 00000nam a2200000 a 4500 | ||
|---|---|---|---|
| 001 | UCO1761 | ||
| 003 | CL-VaPUC | ||
| 008 | 000519e20000000CK |||||||||||||||||spa|d | ||
| 082 | 0 | 4 | |a 658.3124 |b MEI |2 21 |
| 100 | |a Meister, Jeanne C. |e autora |9 444261 | ||
| 245 | 1 | 0 | |a Universidades empresariales: cómo crear una fuerza laboral de clase mundial |
| 300 | |a 294 p | ||
| 942 | |c BK | ||
| 945 | |d 20000519 00:00:00 |a rbrito | ||
| 260 | |a Bogotá |b McGraw-Hill |c 2000 | ||
| 650 | 7 | |a EDUCACION Y DESARROLLO |2 CL-VaPUC |9 324696 | |
| 650 | 0 | |a Desarrollo económico y social |9 256320 | |
| 650 | 7 | |a INDUSTRIA |2 CL-VaPUC |9 315110 | |
| 650 | 7 | |a CAPACITACION LABORAL |2 CL-VaPUC |9 411356 | |
| 583 | |a last modification |c 20170829 04:04:46 |k Rodrigo Vera | ||
| 999 | |c 288358 |d 288356 | ||
| 952 | |0 0 |1 0 |4 0 |6 658_312400000000000_MEI_2000 |7 0 |8 A |9 335978 |a BIBENE |b BIBENE |d 2019-11-20 |i 3621693 |o 658.3124 MEI 2000 |p 3621693 |r 2025-01-15 |w 2019-11-20 |y BK |k ICO | ||